| Tag |
First Indicator |
Second Indicator |
Subfields |
| LEADER |
00000cam a22000005 4500 |
| 001 |
in00000784021 |
| 005 |
20151017063339.0 |
| 008 |
850122s1875 nyu 00010 eng d |
| 035 |
|
|
|a (OCoLC)11605870
|
| 035 |
|
|
|9 ADN1616AM
|
| 040 |
|
|
|a OBE
|c OBE
|d TXA
|d UtOrBLW
|
| 049 |
1 |
|
|a TXA1 [ARNO]
|
| 090 |
|
|
|a HN389
|b .A72 1875b
|
| 092 |
|
|
|a 824.8
|b Ar65C.2
|
| 100 |
1 |
|
|a Arnold, Matthew,
|d 1822-1888.
|
| 245 |
1 |
0 |
|a Culture and anarchy ;
|b an essay in political and social criticism /
|c by Matthew Arnold ...
|
| 250 |
|
|
|a 2d ed.
|
| 264 |
|
1 |
|a New York :
|b Macmillan,
|c 1875.
|
| 300 |
|
|
|a xlix pages, 1 leaf, 239 pages ;
|c 19 cm.
|
| 336 |
|
|
|a text
|b txt
|2 rdacontent
|
| 337 |
|
|
|a unmediated
|b n
|2 rdamedia
|
| 338 |
|
|
|a volume
|b nc
|2 rdacarrier
|
| 650 |
|
0 |
|a Culture.
|
| 651 |
|
0 |
|a Great Britain
|x Social conditions.
|
| 999 |
|
|
|a MARS
|
| 999 |
f |
f |
|s 9d2ffc34-5d83-3f3d-ab6b-6d72d7552ae3
|i 99444dcc-3204-353e-9613-544f811afd3e
|t 0
|
| 952 |
f |
f |
|p noncirc
|a Texas A&M University
|b College Station
|c Cushing Memorial Library & Archives
|d Cushing: Literature/Arnold (Does not check out)
|t 0
|e HN389 .A72 1875b
|h Library of Congress classification
|i unmediated -- volume
|
| 998 |
f |
f |
|a HN389 .A72 1875b
|t 0
|l Cushing: Literature/Arnold (Does not check out)
|